Statistics for Oasis - Don't Look Back in Anger Lyrics

Click here to take the quiz!

General Stats

  • This quiz has been taken 2,215 times
  • The average score is 16 of 19

Answer Stats

HintAnswer% Correct
Don't you know you might ____find
97%
Slip ______ the eye of your mindinside
95%
Take that look from off your ____face
94%
So _____ can wait, she knows it's too late as we're walking on bySally
94%
Will slowly ____ ____fade away
93%
You ain't ever gonna burn my _____ outheart
93%
So I'll start the __________ from my bedrevolution
93%
But all the things that you've ____seen
90%
Where nobody knows if it's _____ or daynight
89%
Of a Rock 'n' Roll ____band
88%
Please don't put your ____ in the handslife
86%
A better place __ ____to play
86%
Her ____ slides away, "But don't look back in anger", I heard you saysoul
84%
You said that you'd never ____been
83%
Who'll _____ __ all awaythrow it
80%
Stand up ______ the _________beside, fireplace
78%
Take me to the place where ___ __you go
78%
Step outside 'coz summertime's __ _____in bloom
75%
Cos you ____ ___ ______ I had went to my headsaid the brains
72%

Score Distribution

Percentile by Number Answered

Percent of People with Each Score

Your Score History

You have not taken this quiz